Global Business Today

Global Business Today is intended for international business course at either the under-graduate or the MBA level

Uloženo v:
Podrobná bibliografie
Hlavní autor: Hill, Charles W.L.
Médium: Kniha
Jazyk:Vietnamese
Vydáno: New York McGraw-Hill 2006
Vydání:4th ed.
Témata:
Tagy: Přidat tag
Žádné tagy, Buďte první, kdo otaguje tento záznam!
Thư viện lưu trữ: Thư viện Trường Đại học Nam Cần Thơ
LEADER 00815nam a22002057a 4500
001 NCT_4_011708
008 240706b xxu||||| |||| 00| 0 vie d
999 |c 8545  |d 8545 
020 |a 0072973714 
082 0 4 |2 23rd ed.  |a 658.18  |b H29 
100 1 |a Hill, Charles W.L. 
245 1 0 |a Global Business Today  |c Charles W.L. Hill 
250 |a 4th ed. 
260 |a New York  |b McGraw-Hill  |c 2006 
300 |a 611 p.  |b ill.  |c 25cm  |e 1 CD-ROM 
520 3 |a Global Business Today is intended for international business course at either the under-graduate or the MBA level 
653 |a Kinh doanh quốc tế 
942 |2 ddc  |c BK 
952 |0 0  |1 0  |2 ddc  |4 0  |6 658_180000000000000_H29  |7 0  |9 29259  |a 000001  |b 000001  |d 2024-07-06  |o 658.18 H29  |p MD.22604  |r 2024-07-06  |w 2024-07-06  |y BK 
980 |a Thư viện Trường Đại học Nam Cần Thơ